[Event "Ricany op"]
[Site "Ricany"]
[Date "2023.08.27"]
[Round "3"]
[White "Cermak, Filip"]
[Black "Jirousek, Tadeas"]
[Result "1-0"]
[WhiteElo "1403"]
[BlackElo "1791"]
[PlyCount "83"]
[EventDate "2023.08.26"]
[EventType "swiss"]
[EventRounds "9"]
[EventCountry "CZE"]
[SourceTitle "EXT 2024"]
[Source "ChessBase"]
[SourceDate "2023.10.10"]
[SourceVersion "1"]
[SourceVersionDate "2023.10.10"]
[SourceQuality "1"]

1. c4 g6 2. d4 Bg7 3. e4 d6 4. Nf3 c5 5. d5 b5 6. Nbd2 Nd7 7. cxb5 a6 8. a4 Ngf6 9. Bd3 0-0 10. 0-0 axb5 11. Bxb5 Ba6 12. Bxa6 Rxa6 13. Ra2 Qa5 14. Re1 Nb6 15. b3 Rb8 16. Bb2 Nbd7 17. Nc4 Qc7 18. e5 dxe5 19. Nfxe5 Re8 20. Qd3 Qb7 21. Nc6 Nxd5 22. Qxd5 Qxc6 23. Qxc6 Rxc6 24. Bxg7 Kxg7 25. Rae2 e6 26. Ne5 Nxe5 27. Rxe5 Rb8 28. R1e3 c4 29. bxc4 Rxc4 30. g3 Rxa4 31. Rc5 Rb7 32. Kg2 Ra2 33. Rf3 h6 34. h4 f5 35. Rc6 e5 36. h5 Rbb2 37. Rxg6+ Kh7 38. Rxf5 e4 39. Rf7+ Kh8 40. Re6 Kg8 41. Rf4 Rb5 42. g4 1-0

[Event "Mlada Boleslav Region-ch U12"]
[Site "Mlada Boleslav"]
[Date "2017.06.25"]
[Round "7"]
[White "Cermak, Filip"]
[Black "Pesek, Jan Antonin"]
[Result "0-1"]
[WhiteElo "1186"]
[BlackElo "1266"]
[PlyCount "140"]
[EventDate "2017.06.24"]
[EventType "swiss"]
[EventRounds "7"]
[EventCountry "CZE"]
[SourceTitle "CBM 179 Extra"]
[Source "ChessBase"]
[SourceDate "2017.08.23"]
[SourceVersion "1"]
[SourceVersionDate "2017.08.23"]
[SourceQuality "1"]

1. e4 e5 2. Nf3 Nc6 3. Bc4 Bc5 4. c3 Nf6 5. d4 exd4 6. cxd4 Bb4+ 7. Bd2 Bxd2+ 8. Nbxd2 0-0 9. 0-0 d5 10. exd5 Nxd5 11. Bxd5 Qxd5 12. Nb3 Bg4 13. Re1 Bxf3 14. Qxf3 Qxf3 15. gxf3 Nb4 16. Re2 Nd3 17. Rd2 Nf4 18. Rad1 Ng6 19. Kh1 Nh4 20. Rd3 Rfe8 21. f4 Re4 22. Rg3 Rae8 23. h3 Rxf4 24. Rdg1 g6 25. Rf1 Nf5 26. Rg4 Ree4 27. f3 Rxg4 28. hxg4 Ng3+ 29. Kg2 Nxf1 30. fxe4 Ne3+ 31. Kf3 Nc4 32. Nc5 b6 33. Nd3 Kf8 34. b3 Na5 35. e5 Ke7 36. g5 Ke6 37. Ke4 Nb7 38. d5+ Ke7 39. Nf4 Nc5+ 40. Kd4 Kd7 41. b4 Na6 42. a3 Nb8 43. e6+ fxe6 44. Nxe6 c6 45. Nf8+ Kd6 46. Nxh7 cxd5 47. Nf8 Nc6+ 48. Ke3 Ne5 49. Kf4 Nd3+ 50. Ke3 Ne5 51. Kf4 d4 52. Ke4 d3 53. Ke3 Kd5 54. Kd2 Kd4 55. Ne6+ Ke4 56. a4 Nc4+ 57. Kd1 Ke3 58. Nf4 Nb2+ 59. Kc1 d2+ 60. Kxb2 d1Q 61. a5 Qd4+ 62. Ka3 Qxf4 63. axb6 axb6 64. b5 Qd6+ 65. Kb3 Qc5 66. Kb2 Kd2 67. Kb3 Qc3+ 68. Ka2 Qb4 69. Ka1 Kc2 70. Ka2 Qb2# 0-1

[Event "Mlada Boleslav Region-ch U12"]
[Site "Mlada Boleslav"]
[Date "2017.06.24"]
[Round "4"]
[White "Slavik, Adam"]
[Black "Cermak, Filip"]
[Result "0-1"]
[WhiteElo "1110"]
[BlackElo "1186"]
[PlyCount "140"]
[EventDate "2017.06.24"]
[EventType "swiss"]
[EventRounds "7"]
[EventCountry "CZE"]
[SourceTitle "CBM 179 Extra"]
[Source "ChessBase"]
[SourceDate "2017.08.23"]
[SourceVersion "1"]
[SourceVersionDate "2017.08.23"]
[SourceQuality "1"]

1. e4 e5 2. Nf3 Nc6 3. Nc3 Nf6 4. Bb5 Bd6 5. d3 a6 6. Bxc6 dxc6 7. Bg5 Be6 8. 0-0 c5 9. Re1 c6 10. Qd2 b5 11. Bxf6 gxf6 12. a3 Kd7 13. Qh6 Ke7 14. Qg7 Rg8 15. Qxh7 Rh8 16. Qg7 Qd7 17. Qg3 Rag8 18. Ng5 Rxg5 19. Qe3 Rhg8 20. g3 Rh8 21. b4 Rgh5 22. Kf1 cxb4 23. axb4 Bxb4 24. Rxa6 Qd4 25. Ra7+ Kd6 26. Qxd4+ exd4 27. e5+ fxe5 28. Ne4+ Kd5 29. Nf6+ Kc5 30. Nxh5 Bxe1 31. Nf6 Bc3 32. Nd7+ Bxd7 33. Rxd7 Rxh2 34. Rxf7 Rh5 35. Ra7 Kb4 36. f4 exf4 37. gxf4 Rf5 38. Rc7 c5 39. Rd7 Rxf4+ 40. Ke2 Rh4 41. Rd5 Rh2+ 42. Kd1 Rh1+ 43. Ke2 Re1+ 44. Kf3 Rc1 45. Rd8 Rxc2 46. Ra8 Rd2 47. Ke4 Re2+ 48. Kf3 Re3+ 49. Kf2 Rxd3 50. Ra2 c4 51. Rc2 Kb3 52. Rc1 Kb2 53. Rh1 b4 54. Rf1 Bd2 55. Rh1 c3 56. Rf1 c2 57. Rh1 c1Q 58. Rxc1 Bxc1 59. Ke2 Re3+ 60. Kf2 Kc3 61. Kg2 Kc4 62. Kf2 Kd5 63. Kg2 Ke5 64. Kh2 Kf4 65. Kg2 Kg4 66. Kf2 d3 67. Kf1 Re2 68. Kg1 Kg3 69. Kf1 Bd2 70. Kg1 Re1# 0-1